000 00304nam a22001337a 4500
008 170616b xxu||||| |||| 00| 0 eng d
020 _a9780073527734
041 _aeng
080 _27 ED
_a32
100 _a20
101 _aSHP
245 _aSTUDIES ATLAS WORLD POLITICS
_cALLEN.J.L
942 _2udc
_cBK
999 _c17954
_d17954